Fundamentals of Nanoscale Film Analysis

Modern science and technology, from materials science to integrated circuit development, is directed toward the nanoscale. From thin films to field effect transistors, the emphasis is on reducing dimensions from the micro to the nanoscale. Fundamentals of Nanoscale Film Analysis concentrates on anal...

Πλήρης περιγραφή

Λεπτομέρειες βιβλιογραφικής εγγραφής
Κύριοι συγγραφείς: Alford, Terry L. (Συγγραφέας), Feldman, Leonard C. (Συγγραφέας), Mayer, James W. (Συγγραφέας)
Συγγραφή απο Οργανισμό/Αρχή: SpringerLink (Online service)
Μορφή: Ηλεκτρονική πηγή Ηλ. βιβλίο
Γλώσσα:English
Έκδοση: Boston, MA : Springer US, 2007.
Θέματα:
Διαθέσιμο Online:Full Text via HEAL-Link
LEADER 03895nam a22005655i 4500
001 978-0-387-29261-8
003 DE-He213
005 20151204151438.0
007 cr nn 008mamaa
008 100301s2007 xxu| s |||| 0|eng d
020 |a 9780387292618  |9 978-0-387-29261-8 
024 7 |a 10.1007/978-0-387-29261-8  |2 doi 
040 |d GrThAP 
050 4 |a TA404.6 
072 7 |a TGMT  |2 bicssc 
072 7 |a TEC021000  |2 bisacsh 
082 0 4 |a 620.11  |2 23 
100 1 |a Alford, Terry L.  |e author. 
245 1 0 |a Fundamentals of Nanoscale Film Analysis  |h [electronic resource] /  |c by Terry L. Alford, Leonard C. Feldman, James W. Mayer. 
264 1 |a Boston, MA :  |b Springer US,  |c 2007. 
300 |a XIV, 336 p.  |b online resource. 
336 |a text  |b txt  |2 rdacontent 
337 |a computer  |b c  |2 rdamedia 
338 |a online resource  |b cr  |2 rdacarrier 
347 |a text file  |b PDF  |2 rda 
505 0 |a An Overview: Concepts, Units, and the Bohr Atom -- Atomic Collisions and Backscattering Spectrometry -- Energy Loss of Light Ions and Backscattering Depth Profiles -- Sputter Depth Profiles and Secondary Ion Mass Spectroscopy -- Ion Channeling -- Electron-Electron Interactions and the Depth Sensitivity of Electron Spectroscopies -- X-ray Diffraction -- Electron Diffraction -- Photon Absorption in Solids and EXAFS -- X-ray Photoelectron Spectroscopy -- Radiative Transitions and the Electron Microprobe -- Nonradiative Transitions and Auger Electron Spectroscopy -- Nuclear Techniques: Activation Analysis and Prompt Radiation Analysis -- Scanning Probe Microscopy. 
520 |a Modern science and technology, from materials science to integrated circuit development, is directed toward the nanoscale. From thin films to field effect transistors, the emphasis is on reducing dimensions from the micro to the nanoscale. Fundamentals of Nanoscale Film Analysis concentrates on analysis of the structure and composition of the surface and the outer few tens to hundred nanometers in depth. It describes characterization techniques to quantify the structure, composition and depth distribution of materials with the use of energetic particles and photons. The book describes the fundamentals of materials characterization from the standpoint of the incident photons or particles which interrogate nanoscale structures. These induced reactions lead to the emission of a variety of detected of particles and photons. It is the energy and intensity of the detected beams that is the basis of the characterization of the materials. The array of experimental techniques used in nanoscale materials analysis covers a wide range of incident particle and detected beam interactions. Included are such important interactions as atomic collisions, Rutherford backscattering, ion channeling, diffraction, photon absorption, radiative and nonradiative transitions, and nuclear reactions. A variety of analytical and scanning probe microscopy techniques are presented in detail. 
650 0 |a Materials science. 
650 0 |a Condensed matter. 
650 0 |a Solid state physics. 
650 0 |a Spectroscopy. 
650 0 |a Microscopy. 
650 0 |a Nanotechnology. 
650 0 |a Materials  |x Surfaces. 
650 0 |a Thin films. 
650 1 4 |a Materials Science. 
650 2 4 |a Characterization and Evaluation of Materials. 
650 2 4 |a Surfaces and Interfaces, Thin Films. 
650 2 4 |a Nanotechnology. 
650 2 4 |a Solid State Physics. 
650 2 4 |a Spectroscopy and Microscopy. 
650 2 4 |a Condensed Matter Physics. 
700 1 |a Feldman, Leonard C.  |e author. 
700 1 |a Mayer, James W.  |e author. 
710 2 |a SpringerLink (Online service) 
773 0 |t Springer eBooks 
776 0 8 |i Printed edition:  |z 9780387292601 
856 4 0 |u http://dx.doi.org/10.1007/978-0-387-29261-8  |z Full Text via HEAL-Link 
912 |a ZDB-2-CMS 
950 |a Chemistry and Materials Science (Springer-11644)